000 00339 a2200157 4500
001 47863
020 _a9788568590089
040 _cAnchieta - Aquarius
100 _aZapata, Renato
240 1 0 _aMenino semente
_lpor
245 1 0 _aMenino semente
300 _a25
362 0 _a2014
650 4 _aLiteratura infanto-juvenil
942 _cBK
999 _c47863
_d47863